000
00311nam a22001337a 4500
008
181011b xxu||||| |||| 00| 0 eng d
020
_a
9780721651552
041
_a
eng
080
_a
541
100
_a
12
101
_a
KIM
245
_a
Fluid, Electrolyte and Acid-Base Physiology
_c
Halperin
942
_2
udc
_c
BK
999
_c
49403
_d
49403